000 00748nam a22002411 4500
001 bimo0001075983
003 OSt
005 20140822113150.0
008 900725s2007 mx spa
020 _a978-970-729-292-5
040 _cBMC
082 _a612.015
100 1 _aLaguna, José
_924231
245 1 0 _aBioquímica de Laguna
_cJosé Laguna, Enrique Piña Garza ; editores responsables, Alfredo R. Boyd Filós, Martín Martínez Moreno
250 _a6ª ed
260 _aMéxico, D.F.
_bEl Manual Moderno
_c2007
300 _aXVII, 635 p.
_c27 cm
650 2 4 _aBioquímica
_98014
700 1 _aPiña, Enrique
_924234
700 1 _aBoyd Filós, Alfredo R.
_924235
700 1 _98082
_aMartínez Moreno, Martín
942 _2ddc
_cBK
999 _c13150
_d13150